| 000 | 00687nam a2200229 a 4500 | ||
|---|---|---|---|
| 999 |
_c596 _d596 |
||
| 008 | 190924r19422010ii ||||g |||| 00| 0 eng d | ||
| 020 |
_a9788121906814 _cRs. 225.00 |
||
| 040 |
_aKO _beng |
||
| 041 | 0 | _aeng | |
| 044 | _aii | ||
| 082 | 0 | 4 |
_223 _a515.43 _bN1646 |
| 100 | 1 | _aNarayan, Shanti | |
| 245 | 1 | 0 |
_aIntegral Calculus : _bFor B.A. & B.Sc. Students / _cShanti Narayan, P. K. Mittal |
| 260 |
_aNew Delhi : _bS. Chand & Company Ltd, _c1942, reprint 2010 |
||
| 300 |
_a708 p. ; _c23 cm. |
||
| 650 | 0 |
_aCalculus _xCalculus, Integral _vTextbooks |
|
| 650 | 0 |
_aCalculus _xDifferential equations _vTextbooks |
|
| 700 | 1 |
_aMittal, P. K. _eaut |
|
| 904 | _aS_JOY | ||
| 942 | _cBK | ||